000 00623nam a2200241Ia 4500
003 OSt
005 20221005032621.0
006 a|||||r|||| 00| 0
007 ta
008 221004b |||||||| |||| 00| 0 ara d
024 _a13255
037 _cTextual
040 _aCRL
_cCRL
_bara
041 _2ara
_aara
082 _aO28,6M67x, F8
100 _aAbdul Qadir Au.
245 0 _aMohammad al imrah
260 _aDamascus
_bAl-ilmi-al-Arabi Arab
_c1928
300 _a84p.
_ccm.
650 _aARABIC PROSE
942 _hO28,6M67x, F8
_cTEXL
_2cc
999 _c940065
_d940065